LEADER 01172cam0-22003851i-450- 001 990001147370403321 005 20050630085222.0 035 $a000114737 035 $aFED01000114737 035 $a(Aleph)000114737FED01 035 $a000114737 100 $a20001205d1913----km-y0itay50------ba 101 0 $afre 102 $aFR 105 $ay-------001yy 200 1 $aLeçons sur les singularités des fonctions analytiques$eprofessées à l'Université de Budapest$fpar Paul Dienes 210 $aParis$cGauthier-Villars$d1913 215 $aVIII, 172 p.$d26 cm 225 1 $aCollection de monographies sur la théorie des fonctions 610 0 $aAnalisi funzionale 610 0 $aAnalisi complessa 610 0 $aFunzioni di una variabile complessa 676 $a515.73 676 $a515 700 1$aDienes,$bPaul$f<1882-1952>$054915 801 0$aIT$bUNINA$gRICA$2UNIMARC 901 $aBK 912 $a990001147370403321 952 $aMXIII-A-31$b10089$fMAS 952 $a3-B-7$b520$fMA1 952 $a13-A-17$b0534$fMA1 959 $aMA1 959 $aMAS 996 $aLeçons sur les singularités des fonctions analytiques$9344530 997 $aUNINA LEADER 01221nam--2200361---450- 001 990002920930203316 005 20070510103333.0 035 $a000292093 035 $aUSA01000292093 035 $a(ALEPH)000292093USA01 035 $a000292093 100 $a20070510d1997----km-y0itay50------ba 101 $aita 102 $aIT 105 $a||||||||001yy 200 1 $aCongresso italo-francese celebrativo del gemellaggio tra Scuola Medica Salernitana e Scuola Medica di Montpellier$eSalerno, 21-22 Marzo 1996 210 $a[Salerno]$c[Jannone]$d[1997] 215 $a206 p.$d30 cm 300 $aIn testa al front. : Centro Studi Medicina "Civitas Hippocratica" Salerno 410 0$12001 454 1$12001 461 1$1001-------$12001 606 0 $aScuola Medica Salernitana$xCongressi 606 0 $aScuola Medica di Montpellier$xCongressi$z1996 676 $a610.945 801 0$aIT$bsalbc$gISBD 912 $a990002920930203316 951 $aA II a 111$bDLM$cA II 959 $aBK 969 $aDILAM 979 $aDILAM$b90$c20070510$lUSA01$h1033 996 $aCongresso italo-francese celebrativo del gemellaggio tra Scuola Medica Salernitana e Scuola Medica di Montpellier$91029814 997 $aUNISA